Digital communications (Record no. 956)

000 -LEADER
fixed length control field 00508nam a2200205 a 4500
001 - CONTROL NUMBER
control field 956
003 - CONTROL NUMBER IDENTIFIER
control field BD-DhUET
008 - FIXED-LENGTH DATA ELEMENTS--GENERAL INFORMATION
fixed length control field 860516s1986 inua b 001 0 eng
020 ## - INTERNATIONAL STANDARD BOOK NUMBER
International Standard Book Number 0071181830
040 ## - CATALOGING SOURCE
Original cataloging agency DLC
Transcribing agency DLC
Modifying agency BD-DhUET
082 00 - DEWEY DECIMAL CLASSIFICATION NUMBER
Classification number 623.8
Item number PRO/2001
100 ## - MAIN ENTRY--PERSONAL NAME
Personal name Proakis, John G.
245 00 - TITLE STATEMENT
Title Digital communications
250 ## - EDITION STATEMENT
Edition statement 4th ed.
260 ## - PUBLICATION, DISTRIBUTION, ETC. (IMPRINT)
Place of publication, distribution, etc. Boston
Name of publisher, distributor, etc. McGraw-Hill
Date of publication, distribution, etc. 2001
300 ## - PHYSICAL DESCRIPTION
Extent xxi,1002p..
504 ## - BIBLIOGRAPHY, ETC. NOTE
Bibliography, etc Includes bibliographies

650 #0 - SUBJECT ADDED ENTRY--TOPICAL TERM
Topical term or geographic name as entry element Digital communications.
942 ## - ADDED ENTRY ELEMENTS (KOHA)
Koha item type General Book
Holdings
Copy number Lost status Source of classification or shelving scheme Sublocation or collection (holding branch) Price effective from Koha date last borrowed Koha normalized classification for sorting Withdrawn status Date acquired Not for loan Koha date last seen Damaged status Piece designation (barcode) Koha item type Koha full call number Koha issues (times borrowed) Shelving location Location (home branch)
1  Central Library, BUET2014-08-26 623_000000000000000_8PRO2001 2014-08-26 2014-08-26 103342General Book623.8/PRO/2001 Circulation sectionCentral Library, BUET
2  Central Library, BUET2014-08-26 623_000000000000000_8PRO2001 2014-08-26 2017-07-30 103344General Book623.8/PRO/2001 Circulation sectionCentral Library, BUET
3  Central Library, BUET2014-08-26 623_000000000000000_8PRO2001 2014-08-26 2015-06-08 103345General Book623.8/PRO/2001 Circulation sectionCentral Library, BUET
4  Central Library, BUET2014-08-262015-05-20623_000000000000000_8PRO2001 2014-08-26 2015-08-18 103346General Book623.8/PRO/20011Circulation sectionCentral Library, BUET
5  Central Library, BUET2014-08-26 623_000000000000000_8PRO2001 2014-08-26 2014-08-26 103347General Book623.8/PRO/2001 Circulation sectionCentral Library, BUET
6  Central Library, BUET2014-08-262018-08-06623_000000000000000_8PRO2001 2014-08-26 2018-08-29 103348General Book623.8/PRO/20012Circulation sectionCentral Library, BUET
7  Central Library, BUET2014-08-262018-08-29623_000000000000000_8PRO2001 2014-08-26 2018-09-11 103349General Book623.8/PRO/20011Circulation sectionCentral Library, BUET
8  Central Library, BUET2014-08-26 623_000000000000000_8PRO2001 2014-08-26 2015-08-16 103350General Book623.8/PRO/2001 Circulation sectionCentral Library, BUET
9  Central Library, BUET2014-08-26 623_000000000000000_8PRO2001 2014-08-26 2015-03-01 107674General Book623.8/PRO/2001 Circulation sectionCentral Library, BUET
10  Central Library, BUET2017-05-162018-08-28623_800000000000000_PRO_2001 2007-05-07 2018-09-09 103343General Book623.8/PRO/20011Circulation sectionCentral Library, BUET